• 首页
  • 本馆介绍
  • 公告通知
  • 最新文献
  • 馆藏检索
  • 电子资源
  • 读者导购
  • 参考咨询
  • 我的图书馆
  • 登录
  • 详细信息显示
  • 放入我的书架
  • 预约/预借图书
  • 作者相关作品
  • 分类相关作品
  • 丛书相关作品
  • 出版社相关作品

书目信息

  • 表格格式
  • 工作单格式
  • 卡片格式
题名:
崛起大战略
    
 
作者: 新玉言 , 李克 编著
分册:  
出版信息: 北京   台海出版社  2016
页数: 262页
开本: 24cm
丛书名:
单 册:
中图分类: F125.4
科图分类:
主题词: 国际合作--guo ji he zuo--区域经济合作--研究--中国
电子资源:
ISBN: 978-7-5168-0735-4
000 00987nam0 22002651 450
001 1730260335
005 20170525101430.0
010    @a978-7-5168-0735-4@dCNY38.00
100    @a20151217d2016 em y0chiy50 ea
101 0  @achi
102    @aCN@b110000
105    @ay z 000yy
106    @ar
200 1  @a崛起大战略@Ajue qi da zhan lue@e“一带一路”战略全剖析@dOne belt and one road initiative@f新玉言,李克编著@zeng
210    @a北京@c台海出版社@d2016
215    @a262页@d24cm
330    @a本书共分九章,内容包括:历史的回望:古丝绸之路的辉煌、“一带一路”战略要干什么、“一带一路”的实施推进等。
510 1  @aOne belt and one road initiative@zeng
517 1  @a“一带一路”战略全剖析@Ayi dai yi lu zhan lue quan pou xi
606 0  @a国际合作@Aguo ji he zuo@x区域经济合作@x研究@y中国
690    @aF125.4@v5
701  0 @a新玉言@Axin yu yan@c(经济研究)@4编著
701  0 @a李克@Ali ke@c(社会学)@4编著
801  0 @aCN@bTANG WEI@c20170522
905    @b0968038-42@dF125.4@e278@f5
    
    崛起大战略:“一带一路”战略全剖析=One belt and one road initiative/新玉言,李克编著.-北京:台海出版社,2016
    262页;24cm
    
    
    ISBN 978-7-5168-0735-4:CNY38.00
    本书共分九章,内容包括:历史的回望:古丝绸之路的辉煌、“一带一路”战略要干什么、“一带一路”的实施推进等。
●
相关链接 在E读中查询图书 在五车中查询图书 在当当中查询图书 在豆瓣中查询图书


正题名:崛起大战略     索取号:F125.4/278         预约/预借

序号 登录号 条形码 馆藏地/架位号 状态 备注
1 0968038   209680380   第一样本阅览室/ [索取号:F125.4/278] 在馆    
2 0968039   209680399   第一借阅区/ [索取号:F125.4/278] 在馆    
3 0968040   209680406   第一借阅区/ [索取号:F125.4/278] 在馆    
4 0968041   209680415   第一借阅区/ [索取号:F125.4/278] 在馆    
5 0968042   209680424   第一借阅区/ [索取号:F125.4/278] 在馆    
唐山师范学院图书馆 欢迎您!
大连网信软件有限公司© 版权所有